Obchodná a bilaterálna spolupráca medzi EÚ a Švajčiarskom diplomová práca

Guardado en:
Detalles Bibliográficos
Autor principal: Kubičková, Martina
Autor Corporativo: Obchodná fakulta EU. Katedra medzinárodného obchodu
Otros Autores: Vargová, Andrea
Formato: Libro
Lenguaje:eslovaco
Publicado: Bratislava 2016
Etiquetas: Agregar Etiqueta
Sin Etiquetas, Sea el primero en etiquetar este registro!

MARC

LEADER 00000nbm a2200000 4500
001 0216749
005 20161123150529.4
041 0 |a slo 
044 |a SK 
245 1 0 |a Obchodná a bilaterálna spolupráca medzi EÚ a Švajčiarskom  |b diplomová práca  |c Martina Kubičková ; školiteľ: Andrea Vargová 
264 1 |a Bratislava  |c 2016 
300 |a 84 s. 
100 1 |a Kubičková, Martina 
700 1 |a Vargová, Andrea 
710 2 |a Obchodná fakulta EU. Katedra medzinárodného obchodu